<?xml version="1.0" encoding="UTF-8"?>
<record
    xmlns:xsi="http://www.w3.org/2001/XMLSchema-instance"
    xsi:schemaLocation="http://www.loc.gov/MARC21/slim http://www.loc.gov/standards/marcxml/schema/MARC21slim.xsd"
    xmlns="http://www.loc.gov/MARC21/slim">

  <leader>01539nam a22002657a 4500</leader>
  <controlfield tag="005">20180116145517.0</controlfield>
  <datafield tag="010" ind1=" " ind2=" ">
    <subfield code="a">B-668983</subfield>
  </datafield>
  <datafield tag="020" ind1=" " ind2=" ">
    <subfield code="a">8126303816</subfield>
    <subfield code="c">100.00</subfield>
  </datafield>
  <datafield tag="035" ind1=" " ind2=" ">
    <subfield code="a">B-668983</subfield>
  </datafield>
  <datafield tag="037" ind1=" " ind2=" ">
    <subfield code="b">&#x92D;&#x93E;&#x930;&#x924;&#x940;&#x92F; &#x91C;&#x94D;&#x91E;&#x93E;&#x928;&#x92A;&#x940;&#x920;/ PUB</subfield>
  </datafield>
  <datafield tag="082" ind1=" " ind2=" ">
    <subfield code="a">824</subfield>
  </datafield>
  <datafield tag="100" ind1=" " ind2=" ">
    <subfield code="a">&#x92E;&#x939;&#x93E;&#x92A;&#x93E;&#x924;&#x94D;&#x930;, &#x938;&#x940;&#x924;&#x93E;&#x915;&#x93E;&#x902;&#x924;</subfield>
  </datafield>
  <datafield tag="245" ind1=" " ind2=" ">
    <subfield code="a">&#x936;&#x92C;&#x94D;&#x926;, &#x938;&#x92E;&#x92F; &#x914;&#x930; &#x938;&#x902;&#x938;&#x94D;&#x915;&#x943;&#x924;&#x93F; /</subfield>
    <subfield code="c">&#x938;&#x940;&#x924;&#x93E;&#x915;&#x93E;&#x902;&#x924; &#x92E;&#x939;&#x93E;&#x92A;&#x93E;&#x924;&#x94D;&#x930;; &#x936;&#x94D;&#x92F;&#x93E;&#x92E;&#x926;&#x924;&#x94D;&#x924; &#x92A;&#x93E;&#x932;&#x940;&#x935;&#x93E;&#x932; &#x926;&#x94D;&#x935;&#x93E;&#x930;&#x93E; &#x930;&#x942;&#x92A;&#x93E;&#x902;&#x924;&#x930;&#x93F;&#x924;</subfield>
  </datafield>
  <datafield tag="246" ind1=" " ind2=" ">
    <subfield code="a">Shabd, samaya aur sanskriti</subfield>
    <subfield code="b">by Sitakant Mahapatra</subfield>
  </datafield>
  <datafield tag="250" ind1=" " ind2=" ">
    <subfield code="a">&#x91A;&#x94C;&#x925;&#x93E; &#x938;&#x902;&#x938;&#x94D;&#x915;.</subfield>
  </datafield>
  <datafield tag="260" ind1=" " ind2=" ">
    <subfield code="a">&#x928;&#x908; &#x926;&#x93F;&#x932;&#x94D;&#x932;&#x940;</subfield>
    <subfield code="b">&#x92D;&#x93E;&#x930;&#x924;&#x940;&#x92F; &#x91C;&#x94D;&#x91E;&#x93E;&#x928;&#x92A;&#x940;&#x920;</subfield>
    <subfield code="c">2015</subfield>
  </datafield>
  <datafield tag="270" ind1=" " ind2=" ">
    <subfield code="a">18, &#x907;&#x928;&#x94D;&#x938;&#x94D;&#x91F;&#x940;&#x91F;&#x94D;&#x92F;&#x942;&#x936;&#x928;&#x932; &#x90F;&#x930;&#x93F;&#x92F;&#x93E;, &#x932;&#x94B;&#x926;&#x940; &#x930;&#x94B;&#x921;</subfield>
    <subfield code="b">&#x928;&#x908; &#x926;&#x93F;&#x932;&#x94D;&#x932;&#x940;</subfield>
    <subfield code="e">110003</subfield>
  </datafield>
  <datafield tag="300" ind1="8" ind2=" ">
    <subfield code="a">117&#x92A;&#x943;.</subfield>
    <subfield code="b">22&#x938;&#x947;&#x92E;&#x940;(&#x938;&#x91C;&#x93F;&#x932;&#x94D;&#x926;)</subfield>
  </datafield>
  <datafield tag="490" ind1=" " ind2=" ">
    <subfield code="a">&#x930;&#x93E;&#x937;&#x94D;&#x91F;&#x94D;&#x930;&#x92D;&#x93E;&#x930;&#x924;&#x940; / &#x932;&#x94B;&#x915;&#x94B;&#x926;&#x92F; &#x917;&#x94D;&#x930;&#x928;&#x94D;&#x925;&#x92E;&#x93E;&#x932;&#x93E; : &#x917;&#x94D;&#x930;&#x928;&#x94D;&#x925;&#x93E;&#x902;&#x915; 616</subfield>
  </datafield>
  <datafield tag="500" ind1=" " ind2=" ">
    <subfield code="a">&#x91C;&#x94D;&#x91E;&#x93E;&#x928;&#x92A;&#x940;&#x920; &#x92A;&#x941;&#x930;&#x938;&#x94D;&#x915;&#x93E;&#x930; &#x938;&#x947; &#x938;&#x92E;&#x94D;&#x92E;&#x93E;&#x928;&#x93F;&#x924; &#x915;&#x943;&#x924;&#x93F;</subfield>
  </datafield>
  <datafield tag="520" ind1=" " ind2=" ">
    <subfield code="a">AW</subfield>
  </datafield>
  <datafield tag="700" ind1=" " ind2=" ">
    <subfield code="9">24521</subfield>
    <subfield code="a">&#x92A;&#x93E;&#x932;&#x940;&#x935;&#x93E;&#x932;, &#x936;&#x94D;&#x92F;&#x93E;&#x92E;&#x926;&#x924;&#x94D;&#x924;</subfield>
  </datafield>
  <datafield tag="942" ind1=" " ind2=" ">
    <subfield code="2">ddc</subfield>
    <subfield code="c">HN</subfield>
    <subfield code="h">824</subfield>
    <subfield code="m">&#x92E;&#x939;&#x93E;&#x92A;&#x93E;</subfield>
  </datafield>
  <datafield tag="999" ind1=" " ind2=" ">
    <subfield code="c">149256</subfield>
    <subfield code="d">149256</subfield>
  </datafield>
  <datafield tag="952" ind1=" " ind2=" ">
    <subfield code="0">0</subfield>
    <subfield code="1">0</subfield>
    <subfield code="4">0</subfield>
    <subfield code="7">0</subfield>
    <subfield code="8">NFIC</subfield>
    <subfield code="a">AV</subfield>
    <subfield code="b">AV</subfield>
    <subfield code="d">2018-01-16</subfield>
    <subfield code="e">&#x92D;&#x93E;&#x930;&#x924;&#x940;&#x92F; &#x91C;&#x94D;&#x91E;&#x93E;&#x928;&#x92A;&#x940;&#x920;/00830-D5/22.2.17/342/9.2.17/20.3.17</subfield>
    <subfield code="g">100.00</subfield>
    <subfield code="l">0</subfield>
    <subfield code="o">824 &#x92E;&#x939;&#x93E;&#x92A;&#x93E;</subfield>
    <subfield code="p">B-668983</subfield>
    <subfield code="r">2018-01-16 00:00:00</subfield>
    <subfield code="t">1</subfield>
    <subfield code="v">100.00</subfield>
    <subfield code="w">2018-01-16</subfield>
    <subfield code="y">HN</subfield>
  </datafield>
</record>
